| 000 | 00708nam a2200205Ia 4500 | ||
|---|---|---|---|
| 003 | GCL | ||
| 008 | 140319s9999 xx 000 0 ara d | ||
| 040 |
_aGCL / _cGCL |
||
| 082 | 0 | 4 |
_a327.11 _bع ز |
| 100 | 1 | _aعبدالله احمد محارب | |
| 245 | 1 | 0 |
_aزيارة لبيت العنكبوت : نقض لبنيان كتاب هيكل حرب الخليج ..... اوهام القوة والنصر / _cعبدالله احمد محارب |
| 300 | _a155 ص | ||
| 490 | _a | ||
| 650 | 0 | 4 | _aالعصر الحديث |
| 650 | 0 | 4 | _aالكويت |
| 650 | 0 | 4 | _aمحمد حسنين هيكل |
| 650 | 0 | 4 | _aالاحتلال العراقى (1990 - 1991) |
| 650 | 0 | 4 | _aالكويت - تاريخ |
| 942 |
_2ddc _cBK |
||
| 999 |
_c41534 _d41534 |
||